Seminari sobre 'la Llei 53/1995 que modifica la llei de contractes de les administracions públiques de 18 de maig de 1995'
Publicado:
Barcelona :
Diputació de Barcelona, Àrea de Secretaria, Programa Integral d'Assistència ,
2000
Descripción Física:
[180] p. soltes ; 29 cm
MARC
| LEADER | 00000nam a2200000Ia 4500 | ||
|---|---|---|---|
| 001 | 22330 | ||
| 003 | BGR | ||
| 005 | 20260324175818.0 | ||
| 008 | 160829s2000 xx 000 0 cat d | ||
| 080 | |a D-4-61 | ||
| 245 | |a Seminari sobre 'la Llei 53/1995 que modifica la llei de contractes de les administracions públiques de 18 de maig de 1995' | ||
| 260 | |a Barcelona : |b Diputació de Barcelona, Àrea de Secretaria, Programa Integral d'Assistència, |c 2000 | ||
| 300 | |a [180] p. soltes ; |c 29 cm | ||
| 590 | |a Celebrat a Barcelona els dies 8 i 15 de març de l'any 2000 | ||
| 650 | |a Contractes |x Dret i legislació |x Espanya |x Congressos |9 42151 | ||
| 650 | |a Dret administratiu |x Legislació |x Espanya |x Congressos |9 42152 | ||
| 710 | 1 | |a Barcelona (Catalunya : Província). |b Diputació |9 52408 | |
| 901 | |a Arxiu | ||
| 942 | |n 1 |2 udc |c MON | ||
| 952 | |0 0 |1 0 |4 0 |6 D461 |7 1 |9 50681 |a Arxiu |b Arxiu |d 2016-12-01 |l 0 |o D-4-61 |p 22330 |r 2016-12-01 00:00:00 |w 2016-12-01 |y ARXIU | ||
| 999 | |c 54523 |d 54523 | ||